[Event "Niedersachsen-ch"]
[Site "Verden"]
[Date "2008.01.05"]
[Round "6"]
[White "Hanowski, Michael"]
[Black "Paetzold, Florian"]
[Result "0-1"]
[WhiteElo "791"]
[BlackElo "1117"]
[PlyCount "26"]
[EventDate "2008.01.03"]
[EventType "swiss"]
[EventRounds "7"]
[EventCountry "GER"]
[SourceTitle "EXT 2010"]
[Source "ChessBase"]
[SourceDate "2010.11.25"]
[SourceVersion "1"]
[SourceVersionDate "2010.11.25"]
[SourceQuality "1"]

1. d4 d5 2. Bf4 Nf6 3. e3 e6 4. Nf3 c5 5. Bb5+ Bd7 6. Bxd7+ Nbxd7 7. Nc3 Qb6 8. Na4 Qb4+ 9. Nc3 Qxb2 10. Kd2 cxd4 11. Nxd4 Bb4 12. Nb3 Ne4+ 13. Ke2 Nxc3+ 0-1

[Event "Niedersachsen-ch"]
[Site "Verden"]
[Date "2008.01.04"]
[Round "4"]
[White "Paetzold, Florian"]
[Black "Almeev, Timur"]
[Result "1/2-1/2"]
[WhiteElo "1117"]
[BlackElo "936"]
[PlyCount "103"]
[EventDate "2008.01.03"]
[EventType "swiss"]
[EventRounds "7"]
[EventCountry "GER"]
[SourceTitle "EXT 2010"]
[Source "ChessBase"]
[SourceDate "2010.11.25"]
[SourceVersion "1"]
[SourceVersionDate "2010.11.25"]
[SourceQuality "1"]

1. e4 e5 2. Nf3 Nc6 3. Bc4 Be7 4. c3 Nf6 5. d4 exd4 6. cxd4 Nxe4 7. d5 Na5 8. Bd3 Nf6 9. Nc3 0-0 10. 0-0 c6 11. d6 Bxd6 12. Bxh7+ Nxh7 13. Qxd6 Qf6 14. Qc7 Nc4 15. Ne4 Qe6 16. Re1 d5 17. Nfg5 Qd6 18. Bf4 Qxc7 19. Bxc7 Nxg5 20. Nxg5 Nxb2 21. Re2 Nc4 22. Rae1 Bd7 23. Re7 Rfe8 24. h3 Rxe7 25. Rxe7 f6 26. Nf3 Bf5 27. Nd4 Bb1 28. a4 c5 29. Ne6 b6 30. Rxg7+ Kh8 31. Rf7 f5 32. Bd8 Rxd8 33. Nxd8 d4 34. Rd7 d3 35. Kf1 d2 36. Nf7+ Kg8 37. Ne5 Bc2 38. Nxc4 d1Q+ 39. Rxd1 Bxd1 40. a5 bxa5 41. Nxa5 Bc2 42. Ke2 Kf7 43. Kd2 Ba4 44. Ke3 Bb5 45. g4 fxg4 46. hxg4 Kf6 47. f4 Kg6 48. Nb7 c4 49. Nd6 Bd7 50. g5 a5 51. Nxc4 a4 52. Nd2 1/2-1/2

[Event "Niedersachsen-chT U14"]
[Site "Verden"]
[Date "2006.05.25"]
[Round "1.3"]
[White "Paetzold, Florian"]
[Black "Catrais, Michael"]
[Result "0-1"]
[WhiteElo "917"]
[BlackElo "1733"]
[PlyCount "56"]
[EventDate "2006.05.25"]
[EventType "team"]
[EventRounds "7"]
[EventCountry "GER"]
[SourceTitle "EXT 2007"]
[Source "ChessBase"]
[SourceDate "2006.11.23"]
[SourceVersion "1"]
[SourceVersionDate "2006.11.23"]
[SourceQuality "1"]

1. e4 c5 2. Nf3 Nc6 3. d4 cxd4 4. Nxd4 Nf6 5. Nc3 e5 6. Nf3 Bb4 7. Bd2 0-0 8. Bd3 d5 9. Bg5 d4 10. a3 Ba5 11. b4 Nxb4 12. axb4 Bxb4 13. 0-0 Bxc3 14. Ra3 Qd6 15. Qc1 Bg4 16. Bc4 Nxe4 17. Rd1 Rfc8 18. Bd3 Bxf3 19. gxf3 Nxg5 20. Qxg5 Qxa3 21. Be4 Rab8 22. Qf5 g6 23. Qd7 Rd8 24. Qc7 Qd6 25. Qc4 b5 26. Qa2 a5 27. Kh1 Kg7 28. Rg1 Qe6 0-1

[Event "Niedersachsen-ch"]
[Site "Verden"]
[Date "2006.01.06"]
[Round "4"]
[White "Rethmann, Kristin"]
[Black "Paetzold, Florian"]
[Result "1-0"]
[WhiteElo "1100"]
[BlackElo "915"]
[PlyCount "49"]
[EventDate "2006.01.??"]
[EventType "swiss"]
[EventRounds "7"]
[EventCountry "GER"]
[SourceTitle "CBM 110 Extra"]
[Source "ChessBase"]
[SourceDate "2006.03.10"]
[SourceVersion "2"]
[SourceVersionDate "2006.03.10"]
[SourceQuality "1"]

1. e4 e5 2. Nf3 Nc6 3. d4 exd4 4. Nxd4 Nxd4 5. Qxd4 Nf6 6. Be3 b6 7. f3 Bc5 8. Qd2 Bxe3 9. Qxe3 0-0 10. Nc3 Qe7 11. Bc4 Qb4 12. Bb3 Ba6 13. g4 c5 14. a3 Qa5 15. 0-0-0 c4 16. Ba2 b5 17. g5 Nh5 18. Rd5 Rfd8 19. Bxc4 Rab8 20. Qxa7 Nf4 21. Rxb5 Rxb5 22. Bxb5 Ne2+ 23. Bxe2 Qxg5+ 24. Kb1 Bxe2 25. Nxe2 1-0

[Event "Niedersachsen-ch"]
[Site "Verden"]
[Date "2006.01.05"]
[Round "1"]
[White "Paetzold, Florian"]
[Black "Kraft, Peter"]
[Result "0-1"]
[WhiteElo "915"]
[BlackElo "1747"]
[PlyCount "73"]
[EventDate "2006.01.??"]
[EventType "swiss"]
[EventRounds "7"]
[EventCountry "GER"]
[SourceTitle "CBM 110 Extra"]
[Source "ChessBase"]
[SourceDate "2006.03.10"]
[SourceVersion "2"]
[SourceVersionDate "2006.03.10"]
[SourceQuality "1"]

1. e4 c6 2. Nf3 d5 3. d3 Bg4 4. Be2 e6 5. 0-0 Bd6 6. h3 Bh5 7. b3 Ne7 8. Bb2 0-0 9. Qe1 Nd7 10. Qc3 e5 11. Nbd2 d4 12. Nxd4 exd4 13. Qxd4 Be5 14. Qb4 Bxe2 15. Rfe1 Bxb2 16. Rab1 Bxd3 17. cxd3 c5 18. Qxb7 Bc3 19. Red1 Bxd2 20. Rxd2 Nb6 21. Rc2 Qxd3 22. Rcc1 Ng6 23. Rd1 Qb5 24. a4 Rab8 25. Qxb8 Rxb8 26. axb5 c4 27. bxc4 Nxc4 28. Rd4 Nce5 29. Rbd1 Rxb5 30. f4 Nc6 31. Rc4 Nge7 32. Rd7 g6 33. g4 Kg7 34. f5 Ne5 35. Rcd4 Nxd7 36. Rxd7 Nc6 37. g5 0-1